书目信息 |
| 题名: |
汽车电气设备
|
|
| 作者: | 李国发 主编 | |
| 分册: | ||
| 出版信息: | 成都 电子科技大学出版社 2013 |
|
| 页数: | 224页 | |
| 开本: | 24cm | |
| 丛书名: | ||
| 单 册: | ||
| 中图分类: | U463.6 | |
| 科图分类: | ||
| 主题词: | 汽车--电气设备--高等职业教育--教材 , 汽车 , 电气设备 | |
| 电子资源: | ||
| ISBN: | 978-7-5647-1414-7 | |
| 000 | 00876nam0 22002651 450 | |
| 001 | 519 | |
| 005 | 20140909103749.65 | |
| 010 | @a978-7-5647-1414-7@dCNY48.00 | |
| 100 | @a20130801d2013 em y0chiy50 ea | |
| 101 | 0 | @achi |
| 102 | @aCN@b510000 | |
| 105 | @aa z 000yy | |
| 106 | @ar | |
| 200 | 1 | @a汽车电气设备@AQi Che Dian Qi She Bei@f李国发主编@FLi Guo Fa Zhu Bian |
| 210 | @a成都@c电子科技大学出版社@d2013 | |
| 215 | @a224页@c图@d24cm | |
| 300 | @a高职高专规划教材 | |
| 330 | @a本书主要介绍了汽车电气系统基础知识、蓄电池、交流发电机及调节器、起动机、汽车照明、信号系统及报警装置、汽车声像系统、汽车电动辅助装置、汽车电气设备线路等。 | |
| 606 | 0 | @a汽车@x电气设备@x高等职业教育@j教材 |
| 606 | 0 | @a汽车 |
| 606 | 0 | @a电气设备 |
| 690 | @aU463.6@v5 | |
| 701 | 0 | @a李国发@ALi Guo Fa@4主编 |
| 801 | 0 | @aCN@bTANGWEI@c20140603 |
| 905 | @b0836715-17@dU463.6@e219@f3 | |
| 汽车电气设备/李国发主编.-成都:电子科技大学出版社,2013 |
| 224页:图;24cm |
| 高职高专规划教材 |
| ISBN 978-7-5647-1414-7:CNY48.00 |
| 本书主要介绍了汽车电气系统基础知识、蓄电池、交流发电机及调节器、起动机、汽车照明、信号系统及报警装置、汽车声像系统、汽车电动辅助装置、汽车电气设备线路等。 |
| ● |
| 相关链接 |
|
|
|
|
正题名:汽车电气设备
索取号:U463.6/219
 
预约/预借
| 序号 | 登录号 | 条形码 | 馆藏地/架位号 | 状态 | 备注 |
| 1 | 0836715 | 208367159 | 第二样本阅览室/ [索取号:U463.6/219] | 在馆 | |
| 2 | 0836716 | 208367168 | 物理系资料室/ [索取号:U463.6/219] | 在馆 | |
| 3 | 0836717 | 208367177 | 第三借阅区/ [索取号:U463.6/219] | 在馆 |